<?xml version="1.0" encoding="UTF-8"?>
<marc:record xmlns:marc="http://www.loc.gov/MARC21/slim">
   <marc:leader>00000nam a2200000 a 4500</marc:leader>
   <marc:datafield ind1="1" ind2=" " tag="100">
      <marc:subfield code="a">Senne, Leonie</marc:subfield>
      <marc:subfield code="4">aut</marc:subfield>
      <marc:subfield code="e">Verfasser/-in</marc:subfield>
   </marc:datafield>
   <marc:datafield ind1="1" ind2=" " tag="100">
      <marc:subfield code="a">Röpke, Daniela</marc:subfield>
      <marc:subfield code="4">aut</marc:subfield>
      <marc:subfield code="e">Verfasser/-in</marc:subfield>
   </marc:datafield>
   <marc:datafield ind1=" " ind2=" " tag="653">
      <marc:subfield code="a">Reiseführer</marc:subfield>
   </marc:datafield>
   <marc:datafield ind1=" " ind2=" " tag="653">
      <marc:subfield code="a">Kulturführer</marc:subfield>
   </marc:datafield>
   <marc:datafield ind1=" " ind2=" " tag="653">
      <marc:subfield code="a">Individualführer</marc:subfield>
   </marc:datafield>
   <marc:datafield ind1=" " ind2=" " tag="653">
      <marc:subfield code="a">Reisehandbuch</marc:subfield>
   </marc:datafield>
   <marc:datafield ind1=" " ind2=" " tag="653">
      <marc:subfield code="a">Funchal</marc:subfield>
   </marc:datafield>
   <marc:datafield ind1=" " ind2=" " tag="653">
      <marc:subfield code="a">Madeira</marc:subfield>
   </marc:datafield>
   <marc:datafield ind1=" " ind2=" " tag="653">
      <marc:subfield code="a">Porto Santo</marc:subfield>
   </marc:datafield>
   <marc:datafield ind1=" " ind2=" " tag="653">
      <marc:subfield code="a">Softcover / Reiseführer/Europa</marc:subfield>
   </marc:datafield>
   <marc:datafield ind1=" " ind2=" " tag="653">
      <marc:subfield code="a">Individualreiseführer</marc:subfield>
   </marc:datafield>
   <marc:datafield ind1=" " ind2=" " tag="653">
      <marc:subfield code="a">Portugal</marc:subfield>
   </marc:datafield>
   <marc:datafield ind1=" " ind2=" " tag="653">
      <marc:subfield code="a">ebook</marc:subfield>
   </marc:datafield>
   <marc:datafield ind1=" " ind2=" " tag="653">
      <marc:subfield code="a">ebook-Reiseführer</marc:subfield>
   </marc:datafield>
   <marc:datafield ind1=" " ind2=" " tag="653">
      <marc:subfield code="a">Führer</marc:subfield>
   </marc:datafield>
   <marc:datafield ind1="0" ind2="0" tag="245">
      <marc:subfield code="a">Madeira</marc:subfield>
   </marc:datafield>
   <marc:datafield ind1="0" ind2="0" tag="245">
      <marc:subfield code="b">mit Porto Santo ; [Tipps für individuelle Entdecker</marc:subfield>
   </marc:datafield>
   <marc:datafield ind1="0" ind2="0" tag="245">
      <marc:subfield code="c">Leonie Senne ; Daniela Röpke</marc:subfield>
   </marc:datafield>
   <marc:datafield ind1=" " ind2="1" tag="264">
      <marc:subfield code="a">Dormagen</marc:subfield>
      <marc:subfield code="b">Iwanowski's Reisebuchverl.</marc:subfield>
      <marc:subfield code="c">2014</marc:subfield>
   </marc:datafield>
   <marc:datafield ind1=" " ind2=" " tag="250">
      <marc:subfield code="a">6. Aufl.</marc:subfield>
   </marc:datafield>
   <marc:datafield ind1="1" ind2=" " tag="520">
      <marc:subfield code="a">Angaben aus der Verlagsmeldung

Madeira mit Porto Santo : Reisehandbuch / von Daniela Röpke, Leonie Senne

Die portugiesische Atlantikinsel Madeira ist als Blumeninsel, als Wanderparadies und als Kreuzfahrtdestination bekannt. Badeurlauber werden von dem kilometerlangen Sandstrand der kleinen Nachbarinsel Porto Santo begeistert sein. Der aktualisierte Reiseführer „Madeira mit Porto Santo“ gibt zahlreiche fundierte Tipps für Individualreisende: Detaillierte reisepraktische Tipps und Adressen von Unterkünften aller Preis- und Komfortkategorien vom Luxushotel bis zur einfachen Pension sind eine wertvolle Hilfe vor der Reise und unterwegs. Ein eigenes Kapitel beschäftigt sich mit dem Thema Wandern: generelle Sicherheitstipps sowie Tourenvorschläge für Levada-, Küsten und Gebirgswanderungen samt Karte und praktischer Tipps ermöglichen eindrucksvolle Naturerlebnisse. Madeira hat ein ganzjährig mildes Klima. Besonders beliebt ist die Zeit um Weihnachten und Silvester.

• Mit Infos zur Nachbarinsel Porto Santo. Viele Reisetipps aller Preiskategorien
• Detaillierte Routenbeschreibungen für die individuelle Inselerkundung
• Herausnehmbare Reisekarte und sieben Wandervorschläge mit Detailkarten
</marc:subfield>
   </marc:datafield>
   <marc:datafield ind1=" " ind2=" " tag="020">
      <marc:subfield code="a">9783861970866</marc:subfield>
      <marc:subfield code="9">9783861970866</marc:subfield>
   </marc:datafield>
   <marc:datafield ind1=" " ind2=" " tag="041">
      <marc:subfield code="a">ger</marc:subfield>
   </marc:datafield>
   <marc:datafield ind1=" " ind2=" " tag="300">
      <marc:subfield code="a">317 S.</marc:subfield>
   </marc:datafield>
</marc:record>
